Obrazová steganografia s genetickým algoritmom

Guardado en:
Detalles Bibliográficos
Autor principal: Brišová, Emília (Autor)
Otros Autores: Vojvoda, Milan (Orientador)
Formato: Manuscrito Libro
Lenguaje:eslovaco
Publicado: 2017
Materias:
Acceso en línea:http://is.stuba.sk/zp/portal_zp.pl?podrobnosti=115984
Etiquetas: Agregar Etiqueta
Sin Etiquetas, Sea el primero en etiquetar este registro!

MARC

LEADER 00000ntm a22000003a 4500
001 stuzp62488
003 SK-STU
005 20170727123452.6
007 ta
008 150427s2015----xo-----f-mn---000-0-slo-d
040 |a STU  |b slo 
041 0 |a slo 
044 |a xo 
100 1 |a Brišová, Emília  |u 035000  |4 aut  |U FEI Fakulta elektrotechniky a informatiky  |T FEI Ústav informatiky a matematiky  |X 74644  |U E050  |Y 816  |7 74644 
242 0 1 |a Image steganography using genetic algorithm  |y eng 
245 1 0 |a Obrazová steganografia s genetickým algoritmom 
260 |c 2017 
300 |a 40 s.,  |b CD-ROM 
650 4 |a obrazová steganografia  |2 slo 
650 4 |a genetický algoritmus  |2 slo 
650 4 |a LSB  |2 slo 
650 4 |a BMP  |2 slo 
650 4 |a genetic algorithm  |2 eng 
650 4 |a image steganography  |2 eng 
650 4 |a LSB  |2 eng 
650 4 |a BMP  |2 eng 
700 1 |a Vojvoda, Milan  |u 035000  |k Z1  |4 ths  |U FEI Fakulta elektrotechniky a informatiky  |T FEI Ústav informatiky a matematiky  |X 1885  |U E050  |Y 816  |7 A000001885 
856 4 |u http://is.stuba.sk/zp/portal_zp.pl?podrobnosti=115984 
996 |b 284ER02471  |c E*Bc- 2471  |l EE35  |s P  |a 0  |w stuzp62488_0001